Obálka Náhled e-knihy:
PDF Epub
Pro půjčování e-knih musíte být přihlášeni.
Jak si půjčit online?

Můry /

Zmizení matky, spousta nepochopení, dva sourozenci a touha zůstat spolu - v kulisách města, kde mají jména jen ti, kteří si je zaslouží.

Uloženo v:
Hlavní autor: Střihavková, Eva, 1990- (Autor)
Médium: E-kniha
Jazyk:Czech
Vydáno: Praha : Dobrovský s.r.o., 2026
Edice:Kontrast
Témata:
Tagy:
Žádné tagy
LEADER 02239nam a2200361 i 4500
001 305242
003 CZ PrSKC
005 20260601155350.0
007 ta
008 260529s2026 xr g 000 f cze
015 |a cnb003761195 
020 |a 9788027764341  |q (vázáno) :  |c Kč 399,00 
040 |a ABG001  |b cze  |e rda 
072 7 |a 821.162.3-3  |x Česká próza  |2 Konspekt 
080 |a 821.162.3-31  |2 MRF 
080 |a (0:82-31)  |2 MRF 
100 1 |a Střihavková, Eva,  |d 1990-  |7 xx0248886  |4 aut 
245 1 0 |a Můry /  |c Eva Střihavková 
264 1 |a Praha :  |b Dobrovský s.r.o.,  |c 2026 
300 |a 294 stran ;  |c 21 cm 
336 |a text  |b txt  |2 rdacontent 
337 |a bez média  |b n  |2 rdamedia 
338 |a svazek  |b nc  |2 rdacarrier 
490 1 |a Kontrast 
520 2 |a Zmizení matky, spousta nepochopení, dva sourozenci a touha zůstat spolu - v kulisách města, kde mají jména jen ti, kteří si je zaslouží.  |b Kryštof a Ida po matčině zmizení zůstávají sami a jejich svět se začíná rozpadat. Město se pro ně neúprosně zmenšuje, míst, kam smějí, ubývá. Kryštof dělá všechno pro to, aby sestru ochránil a udržel zdání normálnosti. Jenže v dětském bezčasí, kdy není důležitý věk ani doba, se nedá žít navždy. Můry jsou příběhem o sourozenecké lásce, dospívání a touze zajistit si lepší život - ať už to znamená cokoli. Svět plný lidí beze jména v době, která se postav domněle nedotýká, najednou získává konkrétní obrysy a ty jsou někdy děsivější než tma. A tak nezbývá, než si hledat cestu ke světlu stejně, jako to dělají můry. Nakladatelská anotace. 
655 7 |a české romány  |7 fd133974  |2 czenas 
655 9 |a Czech fiction  |2 eczenas 
830 0 |a Kontrast 
900 |a ABG001  |b 18 
044 |a xr 
910 |a RBIT002 
998 |d 427421  |a https://core.palmknihy.cz/api/books/427421/cover?tfxui7  |b https://core.palmknihy.cz/api/books/427421/cover/400?tfxui7  |c https://core.palmknihy.cz/api/books/427421/cover/50?tfxui7  |e 2036-05-27  |g 296  |i 9788027764341  |j https://core.palmknihy.cz/api/books/427421/preview.epub  |k https://core.palmknihy.cz/api/books/427421/preview.pdf  |l   |q 49  |r 1  |s https://www.palmknihy.cz/kniha/427421  |t ebook  |y 2026  |z 0 
999 |d 305240